Toutes les gares ferroviaires de Haute-Loire - Statistiques

Statistiques générales
  • Ce quiz a été pris 19 fois
  • Le résultat moyen est 7 sur 18
Statistiques - réponses
Fréquentation annuelle Nom de la gare % Correct
82 218 Aurec
76%
118 457 Brioude
76%
324 052 Puy-en-Velay
65%
119 627 Bas-Monistrol
59%
57 476 Retournac
59%
46 714 Vorey
47%
37 452 Langeac
41%
8 377 Saint-Georges-d'Aurac
41%
59 671 Arvant
35%
1 827 Darsac
29%
14 909 Lavoûte-sur-Loire
29%
1 970 Monistrol-d'Allier
29%
2 830 Paulhaguet
29%
2 892 Chamalières-sur-Loire
24%
14 337 Saint-Vincent-le-Château
24%
1 933 Alleyras
12%
658 Lachaud-Curmilhac
12%
2 424 Pont-de-Lignon
12%
Aucun quiz correspondant
Distribution des résultats
% des personnes avec chaque résultat
Percentile par nombre de réponses
Votre historique - résultats
Vous n’avez pas pris ce quiz